Music Quiz

Random Music or Lyrics Quiz
Score 0/200 Timer 10:00
1 Play Today
% Correct
put-on-a-show
99.5%
I
99.1%
I
99.1%
I
99.1%
I
99.1%
I
99.1%
I
99.1%
I
99.1%
[BRIDGE]
99.1%
[CHORUS]
99.1%
Yeah,
99.1%
[CHORUS] x2
99.1%
the
98.9%
the
98.9%
the
98.9%
a
98.9%
the
98.9%
a
98.9%
the
98.9%
a
98.9%
a
98.9%
the
98.9%
a
98.9%
the
98.9%
the
98.9%
the
98.9%
the
98.9%
a
98.9%
a
98.9%
a
98.9%
a
98.9%
a
98.9%
a
98.9%
a
98.9%
a
98.9%
on
98.1%
on
98.1%
on
98.1%
of
97.3%
of
97.3%
of
97.3%
of
97.3%
in
97.1%
in
97.1%
circus.
97.1%
circus.
97.1%
circus.
97.1%
circus.
97.1%
c-c-circus.
97.1%
like
96.8%
like
96.8%
like
96.8%
like
96.8%
like
96.8%
like
96.8%
like
96.8%
like-like like-like
96.8%
like
96.8%
Like-like like-like
96.8%
me
96.5%
me
96.5%
me,
96.5%
me,
96.5%
me
96.5%
me
96.5%
me
96.5%
there
95.7%
% Correct
there,
95.7%
that
95.1%
that
95.1%
that
95.1%
that
95.1%
that
95.1%
that
95.1%
that
95.1%
I'm
94.9%
I'm
94.9%
I'm
94.9%
I'm
94.9%
I'm
94.9%
I'm
94.9%
just
94.4%
just
94.4%
just
94.4%
ring
94.3%
ring,
94.3%
and
94.2%
and
94.2%
and
94.2%
show.
93.4%
show
93.4%
two
93.2%
two
93.2%
can
92.8%
can
92.8%
can
92.8%
can
92.8%
people
92.5%
you
92.5%
you
92.5%
you
92.5%
you
92.5%
world,
92.4%
do.
92.3%
do.
92.3%
ones
91.9%
ones
91.9%
ones
91.9%
ones
91.9%
only
91.8%
types
91.8%
only
91.8%
types
91.8%
There's
91.5%
There's
91.5%
go,
91.4%
go.
91.4%
centre
91.1%
All
91%
it
90.9%
girl.
90.6%
eyes
90.5%
be
90.3%
be
90.3%
put
90.1%
kind
89.7%
when
89.7%
When
89.7%
my
89.6%
my
89.6%
what
88.4%
what
88.4%
what?
88.4%
make
88.3%
% Correct
make
88.3%
to
87.7%
hot
86.7%
leader,
86.5%
call
86.5%
feel
86.5%
feel
86.5%
shots.
86.4%
we
86.3%
Don't
85.6%
Don't
85.6%
ready
85.5%
ready,
85.5%
entertain
85.3%
firecracker,
85.3%
are
85%
baby,
84.9%
baby,
84.9%
observe.
84.6%
out
84.2%
is
82.6%
veins.
82.5%
through
82.4%
watching
82.2%
guys
81.8%
everybody
81.7%
Everybody
81.7%
scared.
81.7%
stage.
81.3%
Spotlight
81%
So
80.4%
so
80.4%
adrenaline
79.5%
stand
79.2%
let
78.5%
Let
78.5%
with
78.1%
dancefloor
77.6%
dancefloor
77.6%
first.
77.2%
gotta
77.1%
hope
77.1%
hope
77.1%
performer,
77%
whip
76.5%
follow
75.8%
gon'
75.6%
same.
75%
hang
74.7%
crack
74.4%
run
74.1%
Well,
73.9%
backseat,
73.9%
trip,
73.1%
prepared.
73%
see
69.3%
came
69.2%
tight
68.9%
beware.
68.9%
Better
68%
ship,
66.4%
moving
64.2%
break.
59.7%
Let's
59%
running
55.1%
this
53%
Remove Ads.
Support Sporcle.
Get the best of Sporcle when you Go Orange. This ad-free experience offers more features, more stats, and more fun while also helping to support Sporcle. Thank you for becoming a member.

You're not logged in!

Compare scores with friends on all Sporcle quizzes.
OR
Log In

Show Comments

Extras

Top Quizzes Today


Score Distribution

Your Account Isn't Verified!

In order to create a playlist on Sporcle, you need to verify the email address you used during registration. Go to your Sporcle Settings to finish the process.

Report this User

Report this user for behavior that violates our Community Guidelines.

Details: